| 000 | 00480nam a2200181Ia 4500 | ||
|---|---|---|---|
| 005 | 20241003022914.0 | ||
| 008 | 240331s9999 xx 000 0 und d | ||
| 020 | _a0894104101 | ||
| 082 |
_bWHI _a808 |
||
| 245 | 4 |
_aThe whistling bird : _bWomen writers of the Caribbean |
|
| 260 |
_aLondon _bLynne Reinner Publishers _c1998 |
||
| 300 | _avii, 274 p ., | ||
| 650 | _aPolitics | ||
| 650 | _aSocial | ||
| 700 |
_aCmpbell, E. _eedt |
||
| 700 |
_aFrickey, Pierrette _eedt |
||
| 942 | _cL | ||
| 999 |
_c3124 _d3124 |
||